L'Escola de Bibliotecàries : 1915-1939 / Assumpció Estivill i Rius 1915-1939 / Assumpció Estivill i Rius
Publicado:
Barcelona :
Diputació de Barcelona. Escola Universitària Jordi Rubió i Balaguer de Biblioteconomia i Documentació ,
1992
Descripción Física:
508 p. : il. ; 24 cm
Colección:
Quaderns de treball ; 12
MARC
| LEADER | 00000nam a2200000Ia 4500 | ||
|---|---|---|---|
| 001 | 9605 | ||
| 008 | 160829s1992 xx 000 0 cat d | ||
| 080 | |a A-1-255 | ||
| 100 | 1 | |a Estivill Rius, Assumpció, |d 1949- |9 18958 | |
| 245 | |a L'Escola de Bibliotecàries : |b 1915-1939 / Assumpció Estivill i Rius | ||
| 260 | |a Barcelona : |b Diputació de Barcelona. Escola Universitària Jordi Rubió i Balaguer de Biblioteconomia i Documentació, |c 1992 | ||
| 300 | |a 508 p. : |b il. ; |c 24 cm | ||
| 490 | |a Quaderns de treball ; 12 | ||
| 610 | 2 | 0 | |9 54302 |a Escola Superior de Bibliotecàries |x Història |
| 650 | |a Escola de Bibliotecàries |x Història |9 33000 | ||
| 710 | 2 | |a Escola Universitària Jordi Rubió i Balaguer de Biblioteconomia i Documentació |9 54300 | |
| 710 | 2 | |a Escola de Bibliotecàries |9 54304 | |
| 901 | |a Arxiu | ||
| 942 | |n 1 |2 udc | ||
| 952 | |0 0 |1 0 |4 0 |6 A1255 |7 1 |9 46168 |a Arxiu |b Arxiu |d 2016-12-01 |l 0 |o A-1-255 |p 9605 |r 2016-12-01 00:00:00 |w 2016-12-01 |y ARXIU | ||
| 999 | |c 49670 |d 49670 | ||